El retroproyector: técnicas de proyección y preparación de transparencias
Saved in:
| Main Authors: | , |
|---|---|
| Format: | Book |
| Language: | Spanish |
| Published: |
Ciudad de México
CRAT
1971
|
| Series: | Materiales Audiovisuales Guías para el Maestro
|
| Subjects: | |
| Tags: |
Add Tag
No Tags, Be the first to tag this record!
|
MARC
| LEADER | 00000nam a2200000 a 4500 | ||
|---|---|---|---|
| 001 | UCU0351 | ||
| 003 | CL-VaPUC | ||
| 008 | 960322e19710000MX |||||||||||||||||spa|d | ||
| 082 | 0 | 4 | |a 371.335 |b SMI |2 21 |
| 100 | 0 | |a Smith, Richard E |e author |9 355415 | |
| 700 | 0 | |a Winkler, Max Karl |e author |9 355416 | |
| 245 | 1 | 3 | |a El retroproyector: técnicas de proyección y preparación de transparencias |
| 300 | |a 93 p | ||
| 942 | |c BK | ||
| 945 | |d 19960322 00:00:00 |a cmena | ||
| 260 | |a Ciudad de México |b CRAT |c 1971 | ||
| 650 | 7 | |a MATERIAL DIDACTICO |2 CL-VaPUC |9 355417 | |
| 650 | 7 | |a MATERIAL AUDIOVISUAL |2 CL-VaPUC |9 308466 | |
| 650 | 0 | |a Tecnología educacional |9 307265 | |
| 650 | 0 | |a Métodos de enseñanza |9 270413 | |
| 583 | |a last modification |c 19960322 00:00:00 |k Rodrigo Vera | ||
| 490 | 0 | |a Materiales Audiovisuales Guías para el Maestro | |
| 999 | |c 245211 |d 245209 | ||
| 952 | |0 0 |1 0 |4 0 |6 371_335000000000000_SMI_1971 |7 0 |8 P |9 259658 |a BIBEDU |b BIBEDU |c BIBEDU_PB |d 2019-11-19 |i 1632396 |o 371.335 SMI 1971 |p 1632396 |r 2024-01-25 |w 2019-11-19 |y BK |k EDU | ||
| 952 | |0 0 |1 0 |4 0 |6 371_335000000000000_SMI_1971 |7 0 |8 P |9 259659 |a BIBEDU |b BIBEDU |c BIBEDU_PB |d 2019-11-19 |i 163237K |o 371.335 SMI 1971 |p 163237K |r 2024-01-25 |w 2019-11-19 |y BK |k EDU | ||